Southville International School and Colleges
Your cart is empty.
  • Cart
  • Lists
    Public lists Eva Luna New books Lux_list list_1
    Your lists Log in to create your own lists
  • Log in to your account
  • Your cookies
  • Search history
Southville International School and Colleges
  • Advanced search
  • Recent comments
  • Most popular
  • Libraries

Log in to your account

Log in with GOOGLE


If you do not have an external account, but do have a local account, you can still log in:

  1. Home
  2. MARC view: Perfect phrases for building strong teams /
Normal view MARC view ISBD view

Perfect phrases for building strong teams / (Record no. 23397)

[ view plain ]
MARC details
000 -LEADER
fixed length control field 00578nam a2200205 a 4500
005 - DATE AND TIME OF LATEST TRANSACTION
control field 20140310183451.0
008 - FIXED-LENGTH DATA ELEMENTS--GENERAL INFORMATION
fixed length control field 090120s19uu xx 00 eng d
020 ## - INTERNATIONAL STANDARD BOOK NUMBER
International Standard Book Number 9780071481733
050 ## - LIBRARY OF CONGRESS CALL NUMBER
Classification number HD 66
Item number .D527 2008
100 ## - MAIN ENTRY--PERSONAL NAME
Personal name Diamond, Linda Eve
245 ## - TITLE STATEMENT
Title Perfect phrases for building strong teams /
Statement of responsibility, etc Linda Eve Diamond
260 ## - PUBLICATION, DISTRIBUTION, ETC. (IMPRINT)
Place of publication, distribution, etc New York :
Name of publisher, distributor, etc McGraw-Hill,
Date of publication, distribution, etc 2007.
300 ## - PHYSICAL DESCRIPTION
Extent 191 p. :
Dimensions 20 cm.
521 ## - TARGET AUDIENCE NOTE
Target audience note
650 ## - SUBJECT ADDED ENTRY--TOPICAL TERM
Topical term or geographic name as entry element BSBA.
650 ## - SUBJECT ADDED ENTRY--TOPICAL TERM
Topical term or geographic name as entry element Teams in the workplace.
650 ## - SUBJECT ADDED ENTRY--TOPICAL TERM
Topical term or geographic name as entry element Interpersonnal communication.
942 ## - ADDED ENTRY ELEMENTS (KOHA)
Koha item type Books
Source of classification or shelving scheme Library of Congress Classification
Call number prefix Foreign
Holdings
Withdrawn status Lost status Source of classification or shelving scheme Damaged status Home library Current library Shelving location Date acquired Source of acquisition Total Checkouts Full call number Barcode Date last seen Copy number Price effective from Koha item type
    Library of Congress Classification   College Library College Library General Circulation Section 01/20/2009 Donation   HD 66 .D527 2008 C10074 05/15/2018 1 10/18/2013 Books

Perfect phrases for building strong teams /

APA

Diamond L. E., . (2007). Perfect phrases for building strong teams. New York: McGraw-Hill.

Chicago

Diamond Linda Eve, . 2007. Perfect phrases for building strong teams. New York: McGraw-Hill.

Harvard

Diamond L. E., . (2007). Perfect phrases for building strong teams. New York: McGraw-Hill.

MLA

Diamond Linda Eve, . Perfect phrases for building strong teams. New York: McGraw-Hill. 2007.

  • Place hold
  • Print
  • Cite
  • Add to your cart (remove)
  • Save record
    BIBTEX Dublin Core MARCXML MARC (non-Unicode/MARC-8) MARC (Unicode/UTF-8) MARC (Unicode/UTF-8, Standard) MODS (XML) RIS
  • More searches
    Search for this title in:
    Other Libraries (WorldCat) Other Databases (Google Scholar) Online Stores (Bookfinder.com) Open Library (openlibrary.org)

Exporting to Dublin Core...

SOUTHVILLE LIBRARY

Southville International School and Colleges Library

1281 Tropical Ave. Cor. Luxembourg St., BF Homes International, Las Pinas City

Tel. No. 8256374 / 252358 Loc. 117/146

Powered by Koha